Statistics for Top Ten Gino Snacks

Click here to take the quiz!

General Stats

  • This quiz has been taken 9 times
  • The average score is 4 of 10

Answer Stats

RankSnack% Correct
2Apples
100%
1Peanut Butter
100%
4Ritz Cracker Sandwiches
100%
3Cheez-its
50%
6Chili Cheese Fritos
50%
8Airheads Bites
0%
7Cinnamon Toast Crunch
0%
5Gardetto's
0%
10Lunchable
0%
9Milanos
0%

Score Distribution

Percentile by Number Answered

Percent of People with Each Score

Your Score History

You have not taken this quiz